00499nam a22001457a 4500003000400000005001700004008004100021040001400062100002300076245007300099260001000172300003100182500010800213504003200321OSt20171010095455.0120629t xxu||||| |||| 00| 0 eng d aMMSUcULS aPambid, Robert A.  aAnalysis of Pinoy Big Brother Celebrity Edition-2cRobert A. Pambid  c2008  a[xi], [73] leaves c28 cm. aThesis (AB English Studies) -- Mariano Marcos State University-College of Arts & Sciences, Batac City  aBibliography: leaves 56-58